000 00521pab a2200181 454500
008 180718b2009 xxu||||| |||| 00| 0 eng d
100 _aDemurger, Sylvie
245 _aForest management policies and resource balance in China: an assessment of the current situation
260 _c2009
300 _ap.17-41.
362 _aMar
650 _aForest management - China
650 _aForest management
700 _aYuanzhao, Yang
773 _aJournal of Environment and Development
908 _aN
909 _a82010
999 _c82010
_d82010